[Event "Guernsey Holiday op 44th"]
[Site "Vale"]
[Date "2018.10.27"]
[Round "7"]
[White "Stanners, Michael J"]
[Black "Heesen, Jos HW"]
[Result "0-1"]
[WhiteElo "1762"]
[BlackElo "1760"]
[PlyCount "44"]
[EventDate "2018.10.21"]
[EventType "swiss"]
[EventRounds "7"]
[EventCountry "GCI"]
[SourceTitle "EXT 2021"]
[Source "ChessBase"]
[SourceDate "2020.10.23"]
[SourceVersion "1"]
[SourceVersionDate "2020.10.23"]
[SourceQuality "1"]

1. d4 e6 2. Bf4 b6 3. Nf3 Bb7 4. e3 f5 5. Nbd2 Nf6 6. Bg5 Be7 7. Bxf6 Bxf6 8. Be2 0-0 9. 0-0 d6 10. c4 Nd7 11. Qc2 Qe8 12. Rfe1 Qg6 13. Bf1 c5 14. Rad1 Rad8 15. a4 e5 16. Kh1 e4 17. Ng1 cxd4 18. exd4 Bxd4 19. Nb3 Be5 20. Nh3 Nf6 21. Be2 Ng4 22. f4 Ne3 0-1

[Event "Guernsey Holiday op 43rd"]
[Site "Guernsey"]
[Date "2017.10.16"]
[Round "2"]
[White "Kershaw, Graham J"]
[Black "Heesen, Jos HW"]
[Result "1/2-1/2"]
[WhiteElo "1712"]
[BlackElo "1766"]
[PlyCount "130"]
[EventDate "2017.10.15"]
[EventType "swiss"]
[EventRounds "7"]
[EventCountry "GCI"]
[SourceTitle "EXT 2020"]
[Source "ChessBase"]
[SourceDate "2019.10.17"]
[SourceVersion "1"]
[SourceVersionDate "2019.10.17"]
[SourceQuality "1"]

1. e4 e6 2. d4 d5 3. Nd2 Nf6 4. e5 Ne4 5. Nxe4 dxe4 6. c3 c5 7. Be3 cxd4 8. Bxd4 Nc6 9. Bb5 Bd7 10. Bxc6 Bxc6 11. Ne2 Be7 12. 0-0 0-0 13. Ng3 Qc7 14. Qe2 f5 15. exf6 Bxf6 16. Bxf6 Rxf6 17. Nxe4 Rg6 18. Ng3 Rf8 19. Qe3 h5 20. f3 h4 21. Ne4 h3 22. g3 Qe5 23. Rae1 Rf4 24. Nd2 Qc7 25. Qe5 Qf7 26. Re3 Rf5 27. Qb8+ Kh7 28. Qd8 Rgf6 29. Qd3 Kh6 30. Ne4 Bxe4 31. Qxe4 g5 32. Qg4 Qd7 33. Qxh3+ Kg7 34. Qg2 g4 35. f4 Rd5 36. Qe4 Qd6 37. Rf2 Rd1+ 38. Re1 Rxe1+ 39. Qxe1 Qc5 40. Qe4 Qb6 41. Kg2 Rh6 42. Rd2 Qb5 43. Qe5+ Qxe5 44. fxe5 Rh5 45. Rd7+ Kg6 46. Rxb7 Rxe5 47. Rb4 Kg5 48. Rf4 Rb5 49. Rf2 Rd5 50. h3 gxh3+ 51. Kxh3 e5 52. Re2 Kf5 53. Kg2 e4 54. Kf2 Rd3 55. c4 Ke5 56. b3 Kd4 57. Rc2 Rf3+ 58. Kg2 Kd3 59. Rb2 Kc3 60. Rb1 Kc2 61. Re1 Kd3 62. Rd1+ Ke2 63. Rd7 Rf2+ 64. Kg1 Rf1+ 65. Kg2 Rf2+ 1/2-1/2

[Event "Maarssen OKU op-B"]
[Site "Maarssen"]
[Date "2013.06.02"]
[Round "5"]
[White "Vriens, Huib"]
[Black "Heesen, Jos HW"]
[Result "1-0"]
[WhiteElo "1680"]
[BlackElo "1767"]
[PlyCount "105"]
[EventDate "2013.05.31"]
[EventType "swiss"]
[EventRounds "6"]
[EventCountry "NED"]
[SourceTitle "EXT 2015"]
[Source "ChessBase"]
[SourceDate "2014.11.20"]
[SourceVersion "1"]
[SourceVersionDate "2014.11.20"]
[SourceQuality "1"]

1. g3 e6 2. Bg2 f5 3. d3 Nf6 4. Nc3 Bb4 5. Bd2 0-0 6. Nh3 e5 7. f4 d6 8. e3 c6 9. 0-0 Bc5 10. Kh1 e4 11. Nf2 d5 12. d4 Bd6 13. Rg1 h5 14. h3 Qe8 15. Bf1 Qg6 16. Be2 Kf7 17. a4 Rh8 18. a5 Na6 19. Na2 Nc7 20. b4 a6 21. Rb1 Be6 22. Nc3 Nb5 23. Rb3 Nxc3 24. Bxc3 Rh6 25. Be1 Rah8 26. Rb2 Qh7 27. c3 Rg8 28. h4 Ng4 29. Nh3 Be7 30. Qd2 g5 31. fxg5 Rhg6 32. Nf4 Bxg5 33. hxg5 Rxg5 34. Nh3 R5g7 35. Nf4 Nf6 36. Bd1 h4 37. Qh2 Ng4 38. Bxg4 Rxg4 39. Rbg2 Rh8 40. gxh4 Qg7 41. Rxg4 fxg4 42. Nxe6 Kxe6 43. Qe5+ Qxe5 44. dxe5 Kf5 45. Bg3 Ke6 46. Rf1 d4 47. cxd4 Kd5 48. Rf4 Kc4 49. Be1 Kd3 50. Rxg4 Kxe3 51. e6 Kxd4 52. e7 Ke5 53. Bc3+ 1-0

[Event "LSS OP-2009-0-00920"]
[Site "LSS email"]
[Date "2009.08.15"]
[Round "?"]
[White "Bokros, Csaba"]
[Black "Heesen, Jos HW"]
[Result "0-1"]
[WhiteElo "800"]
[BlackElo "1835"]
[PlyCount "100"]
[EventDate "2009.08.08"]
[EventType "tourn (corr)"]
[EventRounds "4"]
[EventCountry "GER"]
[SourceTitle "Corr 2011"]
[Source "ChessBase"]
[SourceDate "2010.08.31"]
[SourceVersion "1"]
[SourceVersionDate "2010.08.31"]
[SourceQuality "1"]

1. d4 e6 2. c4 b6 3. Qc2 f5 4. Nc3 Bb4 5. a3 Bxc3+ 6. Qxc3 Nf6 7. Bg5 0-0 8. Nf3 Bb7 9. g3 Qe8 10. Bxf6 Rxf6 11. Bg2 d6 12. 0-0 f4 13. c5 bxc5 14. dxc5 Bd5 15. cxd6 cxd6 16. Ng5 Bxg2 17. Kxg2 Nd7 18. Ne4 Rh6 19. Qc6 d5 20. Nd6 Qd8 21. Rac1 Nb6 22. Qc7 Qf8 23. Rc6 e5 24. b4 Rf6 25. Nb5 Rxc6 26. Qxc6 Qf7 27. Nd6 Qf6 28. a4 Rd8 29. a5 Rxd6 30. Qe8+ Qf8 31. Qxf8+ Kxf8 32. axb6 Rxb6 33. Ra1 fxg3 34. hxg3 a6 35. Ra5 Rxb4 36. Rxa6 Ke7 37. e3 d4 38. exd4 exd4 39. Kf1 h5 40. Ra7+ Kf6 41. Ra5 g5 42. Ra6+ Ke7 43. Rh6 h4 44. gxh4 d3 45. Ke1 gxh4 46. Kd2 Rd4 47. Rh5 Kf6 48. Rh8 Kg5 49. f3 Rd6 50. Rh7 Rh6 0-1

[Event "LSS CP-2008-P-00063"]
[Site "LSS email"]
[Date "2008.10.01"]
[Round "?"]
[White "Gretencord, Ulrich"]
[Black "Heesen, Jos HW"]
[Result "1-0"]
[WhiteElo "1999"]
[BlackElo "1862"]
[PlyCount "51"]
[EventDate "2008.10.01"]
[EventType "tourn (corr)"]
[EventRounds "6"]
[EventCountry "GER"]
[SourceTitle "Corr 2011"]
[Source "ChessBase"]
[SourceDate "2010.08.31"]
[SourceVersion "1"]
[SourceVersionDate "2010.08.31"]
[SourceQuality "1"]

1. f4 e6 2. Nf3 b6 3. g3 Bb7 4. Bg2 c5 5. 0-0 Be7 6. d3 Nh6 7. e4 f5 8. Nc3 0-0 9. Qe2 Nc6 10. Be3 Ng4 11. Bd2 Nb4 12. h3 fxe4 13. dxe4 Ba6 14. Nb5 Nxc2 15. hxg4 Nxa1 16. Rxa1 d6 17. g5 Qe8 18. a4 Rd8 19. Bh3 Qd7 20. f5 Bb7 21. Nh4 a6 22. fxe6 Qc8 23. Nc3 Rde8 24. Qh5 c4 25. Be3 Bd8 26. Bf5 1-0

[Event "LSS CP-2008-P-00063"]
[Site "LSS email"]
[Date "2008.10.01"]
[Round "?"]
[White "Heesen, Jos HW"]
[Black "Csoma, Robert"]
[Result "1-0"]
[WhiteElo "1862"]
[BlackElo "1241"]
[PlyCount "31"]
[EventDate "2008.10.01"]
[EventType "tourn (corr)"]
[EventRounds "6"]
[EventCountry "GER"]
[SourceTitle "Corr 2013"]
[Source "ChessBase"]
[SourceDate "2012.11.12"]
[SourceVersion "1"]
[SourceVersionDate "2012.11.12"]
[SourceQuality "1"]
[WhiteTeam "US of America"]
[BlackTeam "US of America"]
[WhiteTeamCountry "USA"]
[BlackTeamCountry "USA"]

1. Nc3 d5 2. e4 d4 3. Nce2 e5 4. Ng3 Nf6 5. Bc4 h5 6. Nf3 h4 7. Nxe5 hxg3 8. Bxf7+ Ke7 9. Ng6+ Kxf7 10. Nxh8+ Kg8 11. hxg3 Qe7 12. Qe2 Nc6 13. Ng6 Qxe4 14. Rh8+ Kf7 15. Rxf8+ Ke6 16. Rxf6+ 1-0

[Event "LSS CP-2008-P-00063"]
[Site "LSS email"]
[Date "2008.10.01"]
[Round "?"]
[White "Heesen, Jos HW"]
[Black "Pavignano, Mauricio"]
[Result "1-0"]
[WhiteElo "1862"]
[BlackElo "2129"]
[PlyCount "37"]
[EventDate "2008.10.01"]
[EventType "tourn (corr)"]
[EventRounds "6"]
[EventCountry "GER"]
[SourceTitle "Corr 2011"]
[Source "ChessBase"]
[SourceDate "2010.08.31"]
[SourceVersion "1"]
[SourceVersionDate "2010.08.31"]
[SourceQuality "1"]

1. Nc3 d5 2. e4 Nf6 3. e5 d4 4. exf6 dxc3 5. fxg7 cxd2+ 6. Bxd2 Bxg7 7. Qf3 e6 8. 0-0-0 Qf6 9. Qxf6 Bxf6 10. Nf3 Nc6 11. Bf4 Bd8 12. Bb5 Bd7 13. Rd3 a6 14. Rhd1 axb5 15. Rxd7 Rxa2 16. Kb1 Ra8 17. Bxc7 Bxc7 18. Rxc7 Rd8 19. Rxd8+ 1-0

[Event "LSS CP-2006-Q-00013"]
[Site "LSS email"]
[Date "2008.01.15"]
[Round "?"]
[White "Bossenbroek, Hendrik Jan"]
[Black "Heesen, Jos HW"]
[Result "1-0"]
[WhiteElo "2054"]
[BlackElo "1888"]
[PlyCount "135"]
[EventDate "2008.01.15"]
[EventType "tourn (corr)"]
[EventRounds "6"]
[EventCountry "GER"]
[SourceTitle "Corr 2011"]
[Source "ChessBase"]
[SourceDate "2010.08.31"]
[SourceVersion "1"]
[SourceVersionDate "2010.08.31"]
[SourceQuality "1"]

1. d4 e6 2. e4 d5 3. Nc3 Nf6 4. Bg5 Bb4 5. e5 h6 6. Bd2 Bxc3 7. bxc3 Ne4 8. Qg4 g6 9. Bd3 Nxd2 10. Kxd2 c5 11. Rb1 Nc6 12. Nf3 cxd4 13. cxd4 Qa5+ 14. Ke2 b6 15. Rhd1 Ba6 16. Kf1 Bxd3+ 17. cxd3 Qxa2 18. Ra1 Qb2 19. Qf4 Rc8 20. Rdb1 Qc3 21. Qe3 Kf8 22. Rc1 Qb4 23. Qf4 Qe7 24. Rc3 Qd7 25. Rac1 a5 26. Nh4 Ke8 27. R1c2 Na7 28. Rxc8+ Nxc8 29. Qc1 Kd8 30. Nf3 g5 31. Ng1 b5 32. Rc5 Qb7 33. Qc3 Qa6 34. Rc6 Qa8 35. Rc5 Qa6 36. Rc7 b4 37. Qc5 Qxd3+ 38. Ke1 Qc3+ 39. Qxc3 bxc3 40. Rxf7 Ne7 41. Ne2 a4 42. Nxc3 a3 43. Rf3 Nc6 44. Ne2 a2 45. Ra3 Nb4 46. Kd2 Rf8 47. f3 g4 48. f4 Kd7 49. Kc3 Rb8 50. Nc1 Rc8+ 51. Kxb4 Rxc1 52. Rxa2 Rb1+ 53. Kc3 Rc1+ 54. Kd3 Rh1 55. g3 h5 56. f5 exf5 57. Ke3 Rf1 58. Rf2 Re1+ 59. Kf4 Re4+ 60. Kxf5 Rxd4 61. Ra2 Re4 62. e6+ Kd6 63. Ra6+ Ke7 64. Ra7+ Kd6 65. Rd7+ Kc6 66. Kf6 Re2 67. Rd8 Rf2+ 68. Kg6 1-0

[Event "CFriend WC-2004-F-00010"]
[Site "Chessfriend.com"]
[Date "2005.05.16"]
[Round "1"]
[White "Heesen, Jos HW"]
[Black "Prieto, Carlos"]
[Result "0-1"]
[WhiteElo "1883"]
[BlackElo "1897"]
[PlyCount "90"]
[EventDate "2005.??.??"]
[EventType "tourn (corr)"]
[EventRounds "6"]
[SourceTitle "Corr 2008"]
[Source "ChessBase"]
[SourceDate "2008.06.24"]
[SourceVersion "1"]
[SourceVersionDate "2008.06.24"]
[SourceQuality "1"]

1. Nc3 c5 2. e4 Nc6 3. f4 g6 4. Nf3 Bg7 5. Bb5 Nd4 6. 0-0 a6 7. Bd3 d6 8. Nxd4 cxd4 9. Ne2 Nf6 10. c3 dxc3 11. dxc3 0-0 12. f5 b5 13. Nd4 Bb7 14. Qe2 Rc8 15. fxg6 hxg6 16. Bg5 b4 17. cxb4 Qb6 18. Be3 Qxb4 19. a3 Qa4 20. b3 Qd7 21. Bxa6 Bxa6 22. Qxa6 Nxe4 23. Qd3 Qb7 24. b4 Rc3 25. Qe2 Rfc8 26. Qf3 e6 27. Ne2 Rb3 28. Rfb1 Bb2 29. Ng3 Rc4 30. Nxe4 Rxe4 31. Qf2 Rxa3 32. Qxb2 Raxe3 33. Qf6 Re2 34. Qf3 Qb6+ 35. Kh1 Qxb4 36. Rf1 f5 37. h3 Kg7 38. Rab1 Qc5 39. Qb3 R4e3 40. Qb7+ Kh6 41. Rb3 Re1 42. Rb1 Qc3 43. Rfxe1 Rxe1+ 44. Rxe1 Qxe1+ 45. Kh2 Qe5+ 0-1

[Event "IECG WC.2004.F.00010"]
[Site "IECG email"]
[Date "2005.05.16"]
[Round "?"]
[White "Heesen, Jos HW"]
[Black "Sanchez Carol, Jesus"]
[Result "1-0"]
[WhiteElo "1883"]
[BlackElo "1813"]
[PlyCount "101"]
[EventDate "2005.05.16"]
[EventType "tourn (corr)"]
[EventRounds "6"]
[SourceTitle "Corr 2008"]
[Source "ChessBase"]
[SourceDate "2008.06.24"]
[SourceVersion "1"]
[SourceVersionDate "2008.06.24"]
[SourceQuality "1"]

1. Nc3 e5 2. Nf3 Nc6 3. d4 exd4 4. Nxd4 Nf6 5. Bg5 Bc5 6. Nxc6 bxc6 7. e4 Qe7 8. Bd3 h6 9. Bh4 d6 10. 0-0 0-0 11. Na4 Bb6 12. Nxb6 cxb6 13. Qf3 Qe6 14. Bxf6 Qxf6 15. Qxf6 gxf6 16. Rfe1 Be6 17. f4 Rad8 18. Kf2 Rfe8 19. g4 Kf8 20. h3 a5 21. a4 d5 22. exd5 Bxd5 23. Rxe8+ Rxe8 24. f5 Re5 25. Ra3 h5 26. c4 Be4 27. Be2 Ke7 28. Rb3 Kd6 29. Rxb6 hxg4 30. hxg4 Kc7 31. Rb3 Bc2 32. Rc3 Be4 33. Rh3 Kd7 34. Rh6 Re8 35. Rxf6 Ke7 36. Rh6 Rb8 37. Ke3 Rxb2 38. Kxe4 Rxe2+ 39. Kf3 Ra2 40. Rxc6 Rxa4 41. Rc7+ Kf8 42. g5 Ra1 43. Ke4 Re1+ 44. Kd4 a4 45. Ra7 a3 46. Rxa3 Rg1 47. c5 Kg7 48. c6 Rd1+ 49. Rd3 Rc1 50. Kd5 Kf8 51. Kd6 1-0

[Event "CFriend SI-2004-0-00033 email"]
[Site "Chessfriend.com"]
[Date "2005.04.13"]
[Round "1"]
[White "Grinwis, Jaap"]
[Black "Heesen, Jos HW"]
[Result "1-0"]
[WhiteElo "1977"]
[BlackElo "1883"]
[PlyCount "59"]
[EventDate "2005.04.13"]
[EventType "tourn (corr)"]
[EventRounds "6"]
[SourceTitle "Corr 2008"]
[Source "ChessBase"]
[SourceDate "2008.06.24"]
[SourceVersion "1"]
[SourceVersionDate "2008.06.24"]
[SourceQuality "1"]

1. e4 e6 2. d4 d5 3. Nc3 Nf6 4. e5 Nfd7 5. f4 c5 6. Nf3 Nc6 7. Be3 Qb6 8. Na4 Qa5+ 9. c3 cxd4 10. b4 Nxb4 11. cxb4 Bxb4+ 12. Bd2 Bxd2+ 13. Nxd2 b6 14. Bd3 Ba6 15. Nb2 Nc5 16. Bxa6 Qxa6 17. Qe2 Rc8 18. Qxa6 Nxa6 19. Kd1 f6 20. Nf3 0-0 21. Nxd4 fxe5 22. fxe5 Nc5 23. Rc1 Rf2 24. Rc2 Rxc2 25. Nxc2 Rf8 26. Re1 g5 27. Ke2 Rf5 28. Nd3 g4 29. Nd4 Rh5 30. Nxc5 1-0

[Event "CFriend SI-2004-0-00033 email"]
[Site "Chessfriend.com"]
[Date "2005.04.13"]
[Round "1"]
[White "Heesen, Jos HW"]
[Black "Rusak, Alexandr Victorovic"]
[Result "1/2-1/2"]
[WhiteElo "1883"]
[BlackElo "1956"]
[PlyCount "92"]
[EventDate "2005.04.13"]
[EventType "tourn (corr)"]
[EventRounds "6"]
[SourceTitle "Corr 2008"]
[Source "ChessBase"]
[SourceDate "2008.06.24"]
[SourceVersion "1"]
[SourceVersionDate "2008.06.24"]
[SourceQuality "1"]

1. Nc3 c5 2. e4 Nc6 3. f4 d6 4. Nf3 g6 5. Bb5 Bd7 6. 0-0 Bg7 7. d3 a6 8. Bxc6 Bxc6 9. Qe1 Qd7 10. a4 b6 11. h3 f5 12. Nd5 Qb7 13. Ng5 fxe4 14. dxe4 Bxd5 15. exd5 Qxd5 16. Ne6 Bd4+ 17. Kh2 Kd7 18. Nxd4 cxd4 19. c3 Nf6 20. cxd4 Qxd4 21. Bd2 Nd5 22. Bc3 Nxc3 23. bxc3 Qc5 24. Rb1 e6 25. Qe2 Rhf8 26. Rb4 a5 27. Rc4 Qf5 28. Rd4 Rfc8 29. Rfd1 Rc6 30. Qe5 Qf8 31. Qb5 Kc7 32. Re1 Qf6 33. Rc4 Rc5 34. Rd1 Qe7 35. Rb1 Rb8 36. Re1 Qf7 37. Rxc5+ dxc5 38. Kh1 Qd7 39. Qc4 Re8 40. Kg1 Qd2 41. Re2 Qd1+ 42. Kh2 Qd6 43. Kg1 h6 44. Re1 Qd2 45. Re2 Qd1+ 46. Kh2 Qd6 1/2-1/2

[Event "CFriend RI-2004-0-00026 email"]
[Site "Chessfriend.com"]
[Date "2004.08.21"]
[Round "1"]
[White "Heesen, Jos HW"]
[Black "Pott, Brian"]
[Result "1/2-1/2"]
[WhiteElo "1883"]
[BlackElo "1814"]
[PlyCount "49"]
[EventDate "2004.??.??"]
[EventType "tourn (corr)"]
[EventRounds "6"]
[SourceTitle "Corr 2008"]
[Source "ChessBase"]
[SourceDate "2008.06.24"]
[SourceVersion "1"]
[SourceVersionDate "2008.06.24"]
[SourceQuality "1"]

1. Nc3 e5 2. Nf3 Nc6 3. d4 exd4 4. Nxd4 Nf6 5. Bg5 Bb4 6. Nxc6 bxc6 7. Qd4 Be7 8. e4 0-0 9. Bd3 h6 10. Bf4 d5 11. 0-0 dxe4 12. Qxd8 Rxd8 13. Nxe4 Nd5 14. Bd2 Be6 15. a3 Rab8 16. Rab1 c5 17. b3 Nb6 18. Be3 c4 19. bxc4 Nxc4 20. Rxb8 Rxb8 21. Bxa7 Rb5 22. Ra1 Bxa3 23. Nd2 Ra5 24. Bxc4 Rxa7 25. Bxe6 1/2-1/2

[Event "IECG TE.2004.P.01504"]
[Site "IECG email"]
[Date "2004.06.17"]
[Round "?"]
[White "Eraclides, George"]
[Black "Heesen, Jos HW"]
[Result "0-1"]
[WhiteElo "1878"]
[BlackElo "1862"]
[PlyCount "44"]
[EventDate "2004.06.17"]
[EventType "tourn (corr)"]
[EventRounds "8"]
[SourceTitle "Corr 2008"]
[Source "ChessBase"]
[SourceDate "2008.06.24"]
[SourceVersion "1"]
[SourceVersionDate "2008.06.24"]
[SourceQuality "1"]

1. e4 e6 2. d4 d5 3. Nc3 Nf6 4. Bg5 Bb4 5. exd5 Qxd5 6. Nf3 Ne4 7. Bd2 Bxc3 8. bxc3 c5 9. c4 Qd8 10. c3 Bd7 11. Ne5 Nxd2 12. Qxd2 Nc6 13. Nxd7 Qxd7 14. d5 Ne7 15. Qg5 0-0 16. 0-0-0 Rfe8 17. dxe6 Qxe6 18. Qxc5 Nc6 19. Qd5 Qf6 20. Qd2 Rad8 21. Qc2 Rxd1+ 22. Kxd1 Nb4 0-1

[Event "IECG TE.2004.P.01504"]
[Site "IECG email"]
[Date "2004.06.17"]
[Round "?"]
[White "Heesen, Jos HW"]
[Black "Eraclides, George"]
[Result "1-0"]
[WhiteElo "1862"]
[BlackElo "1878"]
[PlyCount "89"]
[EventDate "2004.06.17"]
[EventType "tourn (corr)"]
[EventRounds "8"]
[SourceTitle "Corr 2008"]
[Source "ChessBase"]
[SourceDate "2008.06.24"]
[SourceVersion "1"]
[SourceVersionDate "2008.06.24"]
[SourceQuality "1"]

1. e4 e6 2. d4 d5 3. Nc3 Nf6 4. Bg5 Bb4 5. e5 h6 6. Bd2 Bxc3 7. bxc3 Ne4 8. Qg4 g6 9. Bc1 Nxc3 10. Qh3 Ne4 11. f3 Nc3 12. Bd2 Na4 13. f4 Nb6 14. Nf3 Bd7 15. Rb1 Bc6 16. f5 exf5 17. Bg5 Qc8 18. Bf6 Rg8 19. Qxh6 N8d7 20. Bh4 Nf8 21. Bd3 Ne6 22. Bf6 Nd7 23. 0-0 Nxf6 24. exf6 Qd8 25. Ne5 Qxf6 26. Rxf5 Qg7 27. Qxg7 Rxg7 28. Rxf7 Rxf7 29. Bxg6 Ke7 30. Bxf7 Nxd4 31. Bg6 Rf8 32. Nxc6+ bxc6 33. Re1+ Kd6 34. h4 Rf6 35. h5 Ne6 36. Rf1 Ke7 37. g4 Nf4 38. Bf5 Ne2+ 39. Kg2 Nd4 40. c3 Nxf5 41. Rxf5 Ke6 42. Rxf6+ Kxf6 43. Kf3 Kg5 44. c4 d4 45. c5 1-0

[Event "CFriend RI-2004-0-00020 email"]
[Site "Chessfriend.com"]
[Date "2004.04.15"]
[Round "?"]
[White "Heesen, Jos HW"]
[Black "Lo, Angus"]
[Result "1/2-1/2"]
[WhiteElo "1823"]
[BlackElo "1823"]
[PlyCount "80"]
[EventDate "2004.??.??"]
[EventType "tourn (corr)"]
[EventRounds "6"]
[SourceTitle "Corr 2008"]
[Source "ChessBase"]
[SourceDate "2008.06.24"]
[SourceVersion "1"]
[SourceVersionDate "2008.06.24"]
[SourceQuality "1"]

1. e4 c5 2. Nc3 Nc6 3. f4 e6 4. Nf3 d5 5. Bb5 Nge7 6. exd5 exd5 7. Qe2 Bg4 8. Bxc6+ bxc6 9. d3 g6 10. Qe5 Rg8 11. 0-0 Bg7 12. Qe1 Bxf3 13. Rxf3 Kf8 14. Na4 Nf5 15. Kh1 Qd6 16. Qa5 Bf6 17. Nxc5 Kg7 18. c3 Rge8 19. Rf1 Bd8 20. Qa3 Bb6 21. d4 Re2 22. Qa6 Qe7 23. Qd3 Bxc5 24. dxc5 Re8 25. Bd2 f6 26. Rad1 Qxc5 27. Rde1 R2e4 28. b4 Qb5 29. Qxb5 cxb5 30. Kg1 Nd6 31. Rd1 Nc4 32. Bc1 Nb6 33. Rf2 R8e7 34. Rd3 Re1+ 35. Rf1 Re8 36. Bd2 R1e4 37. Rff3 Re2 38. Rf2 R2e7 39. Rff3 Kf7 40. Be3 Nc4 1/2-1/2